Translate the first conjugation future Quiz Stats

 Plays Quiz not verified by Sporcle

Score 0/12 Timer 10:00
0 Plays Today
% Correct
amabo
88.9%
amabunt
84%
vocabo
84%
vocabunt
82.7%
amabimus
81.5%
vocabimus
81.5%
amabit
79%
amabis
71.6%
vocabit
70.4%
vocabitis
70.4%
amabitis
69.1%
vocabis
64.2%

You're not logged in!

Compare scores with friends on all Sporcle quizzes.
OR
Log In

Show Comments

Extras

Top Quizzes Today


Score Distribution

Your Account Isn't Verified!

In order to create a playlist on Sporcle, you need to verify the email address you used during registration. Go to your Sporcle Settings to finish the process.

Report this User

Report this user for behavior that violates our Community Guidelines.

Details: